000
00241nam a22001217a 4500
082
_a
001
_b
MOR/Q
100
_a
MORRISON, IAN A
245
_a
THE QUEEN
260
_a
UK
_b
LADY BIRD LTD
300
_a
51
650
_a
BIOGRAPHY
_z
UK
942
_c
BK
999
_c
6318
_d
6318